00221nam a22000977a 4500082000900000100002000009245005000029260002600079300000700105650001100112 bL027 aNassar,Shameena aBiochemical Reactions in Supercritical Fluids aColombobIchemcc2016 a21 aFluids